| 000 | 00353nam a2200133Ia 4500 | ||
|---|---|---|---|
| 008 | 230917s9999||||xx |||||||||||||| ||und|| | ||
| 040 |
_e89883 _aMAIN |
||
| 041 | _aEnglish | ||
| 082 | _a617 D15C | ||
| 100 | _aDalal, Ashwani K | ||
| 245 | 0 | _aClinical evaluation of ultsasonography in the diagnosis of acute appendicitis | |
| 300 | _a66 p. | ||
| 942 | _cTH | ||
| 999 |
_c73109 _d73109 |
||